Do They Share a Land Border? - Statistics

General Stats
  • This quiz has been taken 31 times
  • The average score is 7 of 15
Answer Stats
Question Answer % Correct
Lithuania-Poland Yes
100%
Thailand-Vietnam No
67%
Mauritania-Guinea No
67%
Pakistan-Tajikistan No
67%
Namibia-Zimbabwe No
67%
Russia-North Korea Yes
67%
Belize-Honduras Yes
67%
Myanmar-Laos Yes
67%
Albania-Serbia No
33%
Angola-Republic of Congo Yes
33%
Kazakhstan-Turkmenistan Yes
33%
Niger-Benin Yes
33%
Sierra Leone-Ivory Coast No
0%
Chad-South Sudan No
0%
Armenia-Iran Yes
0%
No matching quizzes found
Score Distribution
Percent of People with Each Score
Percentile by Number Answered
Your Score History
You have not taken this quiz